|
|
|
|
| LEADER |
00849nam a2200241 a 4500 |
| 001 |
7673 |
| 003 |
BD-DhAAL |
| 005 |
20150707123353.0 |
| 008 |
150707s2003 xna 000 1 eng |
| 020 |
|
|
|a 0446610224
|
| 020 |
|
|
|a 192079817X
|
| 040 |
|
|
|a ANL
|b eng
|d BD-DhAAL
|
| 082 |
0 |
4 |
|a 813.54
|2 21
|
| 100 |
1 |
|
|a Patterson, James,
|d 1947-
|9 12794
|
| 245 |
1 |
0 |
|a Big bad wolf /
|c James Patterson.
|
| 260 |
|
|
|a [Sydney] :
|a New York :
|b Doubleday Book Clubs,
|b Warner Books,
|c c2003.
|
| 300 |
|
|
|a 418 p. ;
|c 18 cm.
|
| 541 |
|
|
|e 7673
|
| 650 |
|
0 |
|a Cross, Alex (Fictitious character)
|v Fiction.
|9 12795
|
| 650 |
|
0 |
|a Police
|z Washington (D.C.)
|v Fiction.
|9 12797
|
| 942 |
|
|
|2 ddc
|c BK
|
| 999 |
|
|
|c 34965
|d 34965
|
| 952 |
|
|
|0 0
|1 0
|2 ddc
|4 0
|6 813_540000000000000_PAT
|7 0
|9 54824
|a SCL
|b SCL
|c GEN
|d 2015-07-07
|e Gift
|l 6
|m 18
|o 813.54 PAT
|p 3020007673
|r 2018-06-25
|s 2018-05-20
|t 1
|w 2015-07-07
|y BK
|